Medzikultúrne odlišnosti v diplomatických protokoloch Indie a Číny diplomová práca

Uložené v:
Podrobná bibliografia
Hlavný autor: Kochajdová, Monika, 1993-
Korporativný autor: Fakulta medzinárodných vzťahov EU. Katedra medzinárodných politických vzťahov
Ďalší autori: Zágoršeková, Marta
Médium: Kniha
Jazyk:Slovak
Vydavateľské údaje: Bratislava 2018
Tagy: Pridať tag
Žiadne tagy, Buďte prvý, kto otaguje tento záznam!

MARC

LEADER 00000nbm a2200000 4500
001 0244466
005 20180806120647.9
041 0 |a slo 
044 |a SK 
245 1 0 |a Medzikultúrne odlišnosti v diplomatických protokoloch Indie a Číny  |b diplomová práca  |c Monika Kochajdová ; školiteľ: Marta Zágoršeková 
264 1 |a Bratislava  |c 2018 
300 |a 57 s. 
100 1 |a Kochajdová, Monika, 1993- 
700 1 |a Zágoršeková, Marta 
710 2 |a Fakulta medzinárodných vzťahov EU. Katedra medzinárodných politických vzťahov